• 首页
  • 本馆介绍
  • 公告通知
  • 最新文献
  • 馆藏检索
  • 电子资源
  • 读者荐购
  • 参考咨询
  • CALIS
  • 我的图书馆
  • 登录
  • 详细信息显示
  • 放入我的书架
  • 预约/预借图书
  • 作者相关作品
  • 分类相关作品
  • 丛书相关作品
  • 出版社相关作品

书目信息

  • 表格格式
  • 工作单格式
  • 卡片格式
题名:
零距离接触
    
 
作者: ;金鼎图书工作室 编著
分册:  
出版信息: 成都   电子科技大学出版社  2004.07
页数: 242页
开本: 24cm
丛书名: 招招先
单 册:
中图分类: TP30 , TP316.7
科图分类:
主题词: 组装--技术培训--教材--维修--技术培训--教材 , 软件
电子资源:
ISBN: 7-900651-97-7
 
 
 
 
 
000 00822nam2 2200265 45
001 012004000000
005 20041101111019.23
010    @a7-900651-97-7@dCNY 22.00
100    @a20040714d2004 em y0chiy0121 ea
101 0  @achi
102    @aCN@b510000
105    @aaf z 000yy
200 1  @a零距离接触@Aling ju li jie chu@eBIOS与注册表修改、维护、升级技巧@f金鼎图书工作室编著
210    @a成都@c电子科技大学出版社@d2004.07
215    @a242页@c图@d24cm@e附光盘1片
225 2  @a招招先@v2
410 1  @12001 @a招招先
517 1  @aBIOS与注册表修改、维护、升级技巧
606 0  @x组装@x技术培训@j教材@x维修@x技术培训@j教材
606 0  @a软件
690    @aTP30@v4
690    @aTP316.7@v3
711 02 @a金鼎图书工作室@Ajin ding tu shu gong zuo shi@4编著
801  0 @aCN@bQSSKw@c20041101
905    @a10447@dTP316.7@eJ760
    
    零距离接触:BIOS与注册表修改、维护、升级技巧/金鼎图书工作室编著.-成都:电子科技大学出版社,2004.07
    242页:图;24cm+附光盘1片.-(招招先;2)
    
    
    ISBN 7-900651-97-7:CNY 22.00
    
●
相关链接 在E读中查询图书 在当当中查询图书 在豆瓣中查询图书


正题名:零距离接触     索取号:TP316.7/J760         预约/预借

序号 登录号 条形码 馆藏地/架位号 状态 备注
1 423967   204239671   自科库301/ [索取号:TP316.7/J760] 在馆    
2 423968   204239680   自科库301/ [索取号:TP316.7/J760] 在馆    
3 423969   204239699   自科库301/301自科库 87排1列3层/ [索取号:TP316.7/J760] 在馆    
河南城建学院图书馆 欢迎您!
大连网信软件有限公司© 版权所有